Statistics for B1G Big Ten colleges NFL top 10 picks 2010's

Click here to take the quiz!

General Stats

  • This quiz has been taken 49 times
  • The average score is 6 of 11

Answer Stats

CollegeYear, PickPlayer% Correct
Penn St2018,2Saquon Barkley
82%
Ohio St2019,2Nick Bosa
73%
Iowa2019,8TJ Hockenson
73%
Ohio St2016,3Joey Bosa
70%
Ohio St2018,4Denzel Ward
59%
Michigan2019,10Devin Bush
55%
Ohio St2016,4Ezekiel Elliott
52%
Nebraska2010,2Ndamukong Suh
45%
Ohio St2016,10Eli Apple
23%
Iowa2015,5Brandon Scherff
11%
Michigan St2016,8Jack Conklin
11%

Score Distribution

Percentile by Number Answered

Percent of People with Each Score

Your Score History

You have not taken this quiz